| 000 | 01567nam a2200385 a 4500 | ||
|---|---|---|---|
| 001 | ebr10717802 | ||
| 003 | CaPaEBR | ||
| 006 | m o u | ||
| 007 | cr cn||||||||| | ||
| 008 | 150303s2013 coua sb 001 0 eng d | ||
| 020 | _z9781583214194 | ||
| 020 | _z9781583219355 | ||
| 020 | _z9781613002285 (e-book) | ||
| 040 |
_aCaPaEBR _cCaPaEBR |
||
| 035 | _a(OCoLC)860899389 | ||
| 050 | 1 | 4 |
_aTD427.N5 _b.N5855 2013eb |
| 082 | 0 | 4 |
_a628.1/662 _223 |
| 245 | 0 | 0 |
_aNitrification prevention and control in drinking water _h[electronic resource]. |
| 250 | _a2nd ed. | ||
| 260 |
_aDenver, Colo. : _bAmerican Water Works Association, _cc2013. |
||
| 300 |
_a1 online resource (xviii, 301 p.) : _bill. |
||
| 490 | 0 |
_aAWWA manual ; _vM56 |
|
| 504 | _aIncludes bibliographical references and index. | ||
| 533 |
_aElectronic reproduction. _bPalo Alto, Calif. : _cebrary, _d2015. _nAvailable via World Wide Web. _nAccess may be limited to ebrary affiliated libraries. |
||
| 588 | _aDescription based on online resource; title from title page (ebrary, viewed July 2, 2013). | ||
| 650 | 0 |
_aWater _xPurification _xNitrogen removal. |
|
| 650 | 0 |
_aWater _xPurification _xChloramination. |
|
| 650 | 0 |
_aNitrification _xPrevention. |
|
| 650 | 0 | _aDenitrification. | |
| 650 | 0 |
_aDrinking water _xContamination _xPrevention. |
|
| 655 | 7 |
_aElectronic books. _2local |
|
| 710 | 2 | _aAmerican Water Works Association. | |
| 710 | 2 | _aebrary, Inc. | |
| 856 | 4 | 0 |
_uhttp://site.ebrary.com/lib/rucke/Doc?id=10717802 _zAn electronic book accessible through the World Wide Web; click to view |
| 999 |
_c29118 _d29118 |
||